Five Closest World Capitals by Mystery Country #2 - Statistics

General Stats
  • This quiz has been taken 130 times
  • The average score is 16 of 36
Answer Stats
km answer % Correct
606 Cairo
70%
1 Monaco
65%
49 Bern
63%
59 Brussels
63%
France
60%
12 Luxembourg
60%
167 Havana
59%
580 Athens
57%
426 Tunis
57%
60 Vienna
55%
86 Zagreb
52%
14 Bratislava
51%
350 Valletta
51%
852 Nicosia
49%
12 Andorra la Vella
48%
866 Kingston
48%
149 Belgrade
45%
160 Ljubljana
44%
735 Mexico City
44%
295 Nassau
43%
Libya
41%
Hungary
40%
110 Kuala Lumpur
38%
15 Singapore
37%
72 Ottawa
35%
68 Dili
34%
117 Baghdad
32%
Indonesia
31%
114 Bandar Seri Begawan
28%
171 Baku
27%
678 Port Moresby
27%
45 Yerevan
27%
Iran
25%
United States
24%
85 Kuwait City
23%
22 Ashgabat
15%
No matching quizzes found
Score Distribution
Percent of People with Each Score
Percentile by Number Answered
Your Score History
You have not taken this quiz